000 00530nab a2200145Ia 4500
003 ES-SlBCS
005 20210601133741.0
008 140529s2009 xxu||||| |||| 00| 0 por d
041 _apor
100 1 _aAraújo, Marta María de
_9209211
245 0 2 _aA criança (pobre) em escola católica na cidade paroquial de Jardim do Seridó (Rio Grande do Norte, 1943-1951)
_c Marta María de Araújo
650 0 4 _aEscuela Católica
_9128529
773 0 _tEducaçao e Filosofia
_gvol. 23, nº. 46, 2009, págs. 19-36
_wRev1534
942 _cAR
999 _c601522
_d601522